000 00319nam a2200133 i 4500
001 bg
100 1 _aKURDOWSKI, W.
245 0 _aPoradnik technologa przemysłu cementowego /
_cW. Kurdowski.
260 _aWarszawa,
_c1981.
040 _cBPK
041 _apol
942 _cKS
008 s pl f |000 0 pol
999 _c5054
_d5054
856 _uhttp://koha.tu.koszalin.pl/cgi-bin/koha/opac-detail.pl?biblionumber=5054
_yKatalog online BPK